[Event "Verbandsliga Mittelrhein-Ost 1213"]
[Site "Germany"]
[Date "2013.01.13"]
[Round "6.8"]
[White "Hackbusch, Thomas"]
[Black "Koch, Matthias"]
[Result "1/2-1/2"]
[WhiteElo "1875"]
[BlackElo "1982"]
[PlyCount "43"]
[EventDate "2012.09.09"]
[EventType "team"]
[EventRounds "11"]
[EventCountry "GER"]
[SourceTitle "EXT 2015"]
[Source "ChessBase"]
[SourceDate "2014.11.20"]
[SourceVersion "1"]
[SourceVersionDate "2014.11.20"]
[SourceQuality "1"]
[WhiteTeam "Koeln Porz III"]
[BlackTeam "Bonn Beuel"]
[WhiteTeamCountry "GER"]
[BlackTeamCountry "GER"]

1. d4 Nf6 2. Nf3 g6 3. c4 Bg7 4. Nc3 d6 5. Bg5 h6 6. Bh4 0-0 7. e3 Nbd7 8. Be2 c6 9. 0-0 e5 10. dxe5 dxe5 11. Qc2 Qc7 12. Rfd1 Re8 13. Rac1 a5 14. a3 Nc5 15. Nd2 a4 16. Bxf6 Bxf6 17. Nce4 Be7 18. Nxc5 Bxc5 19. Ne4 Qe7 20. Qc3 Bf5 21. Ng3 Qg5 22. Nxf5 1/2-1/2

[Event "Mittelrhein-chT 1112"]
[Site "Germany"]
[Date "2012.01.15"]
[Round "7.8"]
[White "Koch, Matthias"]
[Black "Pirastu, Mario"]
[Result "1-0"]
[WhiteElo "1892"]
[BlackElo "1435"]
[PlyCount "93"]
[EventDate "2011.09.11"]
[EventType "team-tourn"]
[EventRounds "13"]
[EventCountry "GER"]
[SourceTitle "EXT 2013"]
[Source "ChessBase"]
[SourceDate "2012.11.22"]
[SourceVersion "1"]
[SourceVersionDate "2012.11.22"]
[SourceQuality "1"]
[WhiteTeam "Bonn Beuel"]
[BlackTeam "Gruenfeld"]
[WhiteTeamCountry "GER"]
[BlackTeamCountry "GER"]

1. e4 g6 2. d4 d6 3. Nc3 Bg7 4. f4 Nd7 5. Nf3 c6 6. Bc4 e6 7. 0-0 b5 8. Bb3 a5 9. a4 Ba6 10. f5 bxa4 11. fxe6 axb3 12. exf7+ Kxf7 13. Ng5+ Ke8 14. Ne6 Qe7 15. Nc7+ Kd8 16. Nxa8 Bxf1 17. Qxf1 Bxd4+ 18. Kh1 bxc2 19. Qa6 Bxc3 20. bxc3 Qxe4 21. Bg5+ Ngf6 22. Nb6 Ke7 23. Nxd7 Kxd7 24. Bxf6 Re8 25. Qb7+ Ke6 26. Bh4 Qxh4 27. Qxc6 Qe7 28. Re1+ Kf6 29. Rf1+ Kg7 30. Qd5 Qe6 31. Qd4+ Kg8 32. h3 d5 33. Qf2 Qf5 34. Qg1 Qd3 35. Qf2 Qf5 36. Qg1 Re2 37. Rxf5 gxf5 38. Qc1 a4 39. Kg1 a3 40. Kf1 Re6 41. Qxc2 Ra6 42. Qxf5 Kg7 43. Qxd5 Kh6 44. Qd2+ Kg7 45. Qd7+ Kh6 46. Qb5 Rf6+ 47. Kg1 1-0

[Event "Mittelrhein-chT 1112"]
[Site "Germany"]
[Date "2011.10.23"]
[Round "3.8"]
[White "Hendrichs, Udo"]
[Black "Koch, Matthias"]
[Result "0-1"]
[WhiteElo "1886"]
[BlackElo "1892"]
[PlyCount "94"]
[EventDate "2011.09.11"]
[EventType "team-tourn"]
[EventRounds "13"]
[EventCountry "GER"]
[SourceTitle "EXT 2013"]
[Source "ChessBase"]
[SourceDate "2012.11.22"]
[SourceVersion "1"]
[SourceVersionDate "2012.11.22"]
[SourceQuality "1"]
[WhiteTeam "Langenfeld II"]
[BlackTeam "Bonn Beuel"]
[WhiteTeamCountry "GER"]
[BlackTeamCountry "GER"]

1. d4 Nf6 2. Nf3 g6 3. e3 Bg7 4. Be2 0-0 5. 0-0 d6 6. c4 Nbd7 7. Nc3 e5 8. b4 c6 9. a4 Re8 10. Ba3 e4 11. Nd2 d5 12. cxd5 cxd5 13. Qb3 Nf8 14. Rac1 Ne6 15. Rc2 a6 16. Rfc1 g5 17. a5 b5 18. axb6 g4 19. b5 Ng5 20. bxa6 Bxa6 21. b7 Bxb7 22. Qxb7 Rxa3 23. Nb5 Ra8 24. Nc7 Rb8 25. Qa6 Rf8 26. Rc6 Rb2 27. Nf1 Nf3+ 28. Kh1 Nh5 29. Ng3 Qh4 30. Bxf3 exf3 31. Qf1 Nxg3+ 32. fxg3 Qe7 33. gxf3 Qxe3 34. Nxd5 Qd2 35. Qg1 Bxd4 36. Nf6+ Bxf6 37. Rxf6 Re8 38. Rd1 Qe2 39. Rf4 h5 40. Rdd4 Qe1 41. Rd1 Qa5 42. Re4 Rxe4 43. fxe4 Re2 44. Rd5 Qb4 45. Rd8+ Kh7 46. Rd4 Qc3 47. Qf1 Re1 0-1

[Event "Mittelrhein-chT 1112"]
[Site "Germany"]
[Date "2011.09.11"]
[Round "1.7"]
[White "Koch, Matthias"]
[Black "Guelsen, Taylan"]
[Result "1-0"]
[WhiteElo "1892"]
[BlackElo "1918"]
[PlyCount "85"]
[EventDate "2011.09.11"]
[EventType "team-tourn"]
[EventRounds "13"]
[EventCountry "GER"]
[SourceTitle "EXT 2013"]
[Source "ChessBase"]
[SourceDate "2012.11.22"]
[SourceVersion "1"]
[SourceVersionDate "2012.11.22"]
[SourceQuality "1"]
[WhiteTeam "Bonn Beuel"]
[BlackTeam "Niederkassel"]
[WhiteTeamCountry "GER"]
[BlackTeamCountry "GER"]

1. e4 c5 2. Nc3 Nc6 3. g3 g6 4. Bg2 Bg7 5. d3 d6 6. Be3 e6 7. Qd2 Nge7 8. Bh6 Bxh6 9. Qxh6 Qb6 10. Rb1 Nd4 11. Qd2 Bd7 12. f4 h5 13. h3 h4 14. g4 f5 15. Nd1 e5 16. c3 Ndc6 17. Nf2 0-0-0 18. Ne2 fxg4 19. Nxg4 Bxg4 20. hxg4 d5 21. f5 dxe4 22. Bxe4 gxf5 23. gxf5 c4 24. Rh3 cxd3 25. Rxd3 Rxd3 26. Qxd3 Ng8 27. Qd6 Rh6 28. f6 Rxf6 29. Bf5+ Rxf5 30. Qe6+ Kc7 31. Qxf5 Qa6 32. Qe6 Nge7 33. Rd1 Nc8 34. Rd7+ Kb8 35. Rh7 Qd3 36. Rh8 Qb1+ 37. Kf2 N6e7 38. Qxe5+ Ka8 39. Qxe7 Qf5+ 40. Ke1 Qb1+ 41. Kd2 Qxb2+ 42. Ke3 Qb6+ 43. Nd4 1-0